000 01884nam a2200409 i 4500
001 194902
003 SpMaBN
005 20250528063018.0
008 240521s2022 sp a | |||| 000 0dspa
015 _aMON22
017 _aCA 214-2022
_bOficina Depósito Legal Cádiz
020 _a9788412548600
035 _a(OCoLC)1393951183
040 _aSpMaBN
_bspa
_cSpMaBN
_erda
080 _a908(261.28)(089.3)
080 _a821.134.2-82"19"
100 _aMoreno Marchal, Joaquín,
_9236526
_d1955-
_eaut
245 1 3 _aEl Vapor :
_bnavegaciones por la bahía de Cádiz /
_cJoaquín Moreno Marchal ; prólogo de Ignacio Pérez Blanquer
250 _aPrimera edición: julio de 2022, primera reimpresión: agosto de 2022
264 1 _a[Puerto de Santa María, Cádiz] :
_bEdiciones El Boletín,
_c2022
300 _a93 páginas :
_bilustraciones, fotografías (color) ;
_c24 cm
336 _aTexto
_2rdacontent
337 _asin mediación
_2rdamedia
338 _avolumen
_2rdacarrier
500 _aAcceso al vídeo de la presentación mediante código QR
520 _aLa bahía de Cádiz como espacio geográfico y como espacio poético, en el que la mirada, la imaginación, la memoria, pueden a su vez hacernos navegar por múltiples mares y seguir rumbos infinitos.
651 7 _aCádiz (España, Bahía)
_vMisceláneas
_9236527
655 7 _aPoesías
_2tgfbne
_9176539
655 7 _aRelatos personales
_9236197
_2tgfbne
700 _aPérez Blanquer, Ignacio
_eaui
_9238721
852 _aES-MaACL
_cDEPOJ
_jN-9914
_hDonación: Joaquín Moreno Marchal.
_xEncuadernación cartoné
_gDedicatoria autógrafa del autor
_9205834
903 _9236526
_aMoreno Marchal, Joaquín,
_d1955-
_ednr
942 _cMONOGRAFIA
_n0
999 _c194902
_d194902